Exhala una ceniza el violín /

Saved in:
Bibliographic Details
Main Author: Romero, Donina.
Format: Book
Language:Spanish
Published: Las Palmas de Gran Canaria : Cabildo Insular de Gran Canaria, 1994.
Series:Lengua y literatura.
Poesía (Ediciones del Cabildo Insular de Gran Canaria).
Subjects:
Tags: Add Tag
No Tags, Be the first to tag this record!
LEADER 00853nam a2200265 a 4500
001 005999948-9
005 20020606163548.3
008 950613s1994 sp 000 0 spa
010 |a  95164309  
020 |z 8481030270 
035 0 |a ocm34958533 
040 |a DLC  |c DLC 
050 0 0 |a PQ6668.O46645  |b E95 1994 
100 1 |a Romero, Donina. 
245 1 0 |a Exhala una ceniza el violín /  |c Donina Romero. 
260 |a Las Palmas de Gran Canaria :  |b Cabildo Insular de Gran Canaria,  |c 1994. 
300 |a 56 p. ;  |c 20 cm. 
490 1 |a Lengua y literatura 
490 1 |a Poesía (Ediciones del Cabildo Insular de Gran Canaria) 
653 |a Poesía  |a España  |a Siglo XX. 
653 |a Literatura contemporánea  |a España. 
830 0 |a Lengua y literatura. 
830 0 |a Poesía (Ediciones del Cabildo Insular de Gran Canaria). 
988 |a 20020608 
906 |0 DLC